00521nmm a2200169Ia 4500008004100000020001800041041000800059100001600067245007200083264004900155300001800204490001400222650002900236700001600265700001900281856005100300251105s9999||||xx |||||||||||||||||und|| a9788490650042 aspa aLoos, Anita 0aLos caballeros las prefieren rubias. Pero se casan con las morenas. a[Madrid, España] :bAlba Editorial, c2014 a328 páginas aRara avis aNorth American narrative aLoos, Anita1 a Casas, Carlos uhttps://public.digitaliapublishing.com/a/33318